000 00498ngm a2200193 i 4500
001 C2-0310353
003 PPAK
005 20180727220554.0
008 110616s2005 xxu|||| ||||| | vleng d
040 _aPPAK
_beng
_cPPAK
_erda
245 1 0 _aLord of war
264 1 _aUnited States :
_bLionsgate Films ,
_c2005
336 _2rdacontent
_atext
337 _2rdamedia
_aunmediated
338 _2rdacarrier
_avolume
700 _eauthor
700 1 _aNiccol, Andrew,
_ecompile
942 _2ddc
_cDVD
999 _c166368
_d166368